00964nam a22001695i 4500001000700000003000900007005001700016008004100033040003000074080002000104100002500124245009300149260005700242300002600299852023400325852023500559154676ES-MaACL20230906205821.0990728s1837 sp |||| | spa d aCCPB | B bspa cCCPB | B a821.134.2-2"18"1 aGorostiza, Pedro de.13aEl desconfiado b: comedia original en cinco actos y en verso /cpor Pedro de Gorostiza. aMadrid : b[s.n.], c1837 (fImprenta de Repullés) a98, [1] p. ; c19 cm. aES-MaACLjF-8631(4) z-- Enc. pasta española z-- Enc. en un vol. facticio formando parte de la col. facticia "Teatro español moderno", vol. 86 x-- Edic.: tiene al final [1] h. con el catálogo de la Librería de Escamilla aES-MaACLjF-8641(2) z-- Enc. pasta española z-- Enc. en un vol. facticio formando parte de la col. facticia "Teatro español moderno" v. 98 x-- Edic.: tiene al final [1] h. con el catálogo de la Librería de Escamilla